000 00588nam a2200241Ia 4500
003 OSt
005 20220928150038.0
006 a|||||r|||| 00| 0
007 ta
008 220927b |||||||| |||| 00| 0 eng d
024 _a86810
037 _cTextual
040 _aSDCL
_cSDCL
_beng
041 _2eng
_aeng
082 _aX:8, P4
100 _aBesanko David
_9373892
245 0 _aEconomics of strategy
250 _a3
260 _c2004
700 _a Dranove David
_9473763
942 _hX:8, P4
_cTEXL
_2CC
999 _c838855
_d838855